00343nam a22001337a 4500003000400000020001800004082001600022100001900038245006000057250000800117260004700125300000800172650002900180OSt a9788175967199 a337bHEN/IN aHenry Thompson aInternational EconomicsbGlobal Markets and Competition a2nd aChennaibWorld Scientific Publishingc2006 a506 aThe Open Macro Economics